[Event "Mumbai Mayors Cup 10th"]
[Site "Mumbai"]
[Date "2017.06.10"]
[Round "9"]
[White "Singh, DP."]
[Black "Raghunandan, Kaumandur Srihari"]
[Result "0-1"]
[WhiteElo "2132"]
[BlackElo "2410"]
[PlyCount "58"]
[EventDate "2017.06.04"]
[EventType "swiss"]
[EventRounds "10"]
[EventCountry "IND"]
[SourceTitle "CBM 178 Extra"]
[Source "ChessBase"]
[SourceDate "2017.06.22"]
[SourceVersion "1"]
[SourceVersionDate "2017.06.22"]
[SourceQuality "1"]

1. d4 d5 2. Nf3 Nf6 3. Nbd2 Bf5 4. c4 c6 5. Qb3 Qc7 6. g3 h6 7. Bg2 e6 8. 0-0 Nbd7 9. Re1 Be7 10. Qc3 a5 11. a3 a4 12. cxd5 exd5 13. Ne5 0-0 14. f3 c5 15. Nxd7 Qxd7 16. dxc5 d4 17. Qc4 Rfc8 18. b4 axb3 19. Nxb3 b5 20. c6 Rxc6 21. Qxb5 Rxc1 22. Qxd7 Rxe1+ 23. Rxe1 Bxd7 24. Nxd4 Bc5 25. Rd1 Rxa3 26. Kf1 Ba4 27. Rd2 Nd5 28. f4 Ne3+ 29. Kf2 Nf5 0-1

[Event "Mumbai Mayors Cup 10th"]
[Site "Mumbai"]
[Date "2017.06.08"]
[Round "7"]
[White "Singh, DP."]
[Black "Sangma, Rahul"]
[Result "1-0"]
[WhiteElo "2132"]
[BlackElo "2337"]
[PlyCount "79"]
[EventDate "2017.06.04"]
[EventType "swiss"]
[EventRounds "10"]
[EventCountry "IND"]
[SourceTitle "CBM 178 Extra"]
[Source "ChessBase"]
[SourceDate "2017.06.22"]
[SourceVersion "1"]
[SourceVersionDate "2017.06.22"]
[SourceQuality "1"]

1. d4 Nf6 2. Nf3 e6 3. Nbd2 c5 4. e3 b6 5. Bd3 Bb7 6. 0-0 Nc6 7. c3 Qc7 8. a3 d5 9. Re1 g6 10. dxc5 bxc5 11. e4 Bg7 12. exd5 Nxd5 13. Ne4 Ne5 14. Bb5+ Bc6 15. Bxc6+ Qxc6 16. Nxe5 Bxe5 17. Bh6 0-0-0 18. Qf3 f6 19. Rab1 Rhe8 20. c4 Nb6 21. b4 cxb4 22. c5 Nd5 23. axb4 f5 24. Nd2 Bc3 25. Rec1 Bxd2 26. Bxd2 a6 27. Qe2 e5 28. b5 axb5 29. Rxb5 Kd7 30. Rcb1 Rc8 31. Qc4 f4 32. Re1 Re6 33. Rd1 Ke7 34. Ba5 Nc7 35. Rb6 Qe8 36. Rb7 Qc6 37. Rb6 Qe8 38. Rbd6 Kf6 39. Rd7 Na6 40. Bd8+ 1-0

[Event "Chennai op 5th"]
[Site "Chennai"]
[Date "2013.01.18"]
[Round "3"]
[White "Sethuraman, SP."]
[Black "Singh, DP."]
[Result "1/2-1/2"]
[WhiteElo "2556"]
[BlackElo "2257"]
[PlyCount "115"]
[EventDate "2013.01.16"]
[EventType "swiss"]
[EventRounds "11"]
[EventCountry "IND"]
[SourceTitle "CBM 152 Extra"]
[Source "ChessBase"]
[SourceDate "2013.02.25"]
[SourceVersion "1"]
[SourceVersionDate "2013.02.25"]
[SourceQuality "1"]

1. e4 b6 2. d4 Bb7 3. Bd3 d6 4. Nf3 g6 5. Nc3 Bg7 6. Be3 Nd7 7. Qd2 h6 8. d5 a6 9. Nd4 Ngf6 10. f3 Ne5 11. Be2 c5 12. dxc6 Nxc6 13. Nxc6 Bxc6 14. a4 Nd7 15. 0-0 Qc7 16. Rfd1 h5 17. Nd5 Bxd5 18. Qxd5 0-0 19. c3 Rfd8 20. Bf1 Nc5 21. b4 Nd7 22. Rac1 Nf6 23. Qb3 e6 24. c4 Nd7 25. a5 bxa5 26. c5 axb4 27. cxd6 Qb8 28. Rc7 a5 29. Qa4 Ne5 30. Bc5 Bf8 31. Qb5 b3 32. Rb7 Qc8 33. f4 Ng4 34. e5 a4 35. Rc1 Bh6 36. Rc4 Rb8 37. Rb6 Rxb6 38. Bxb6 Qb8 39. Rxa4 b2 40. Rb4 b1Q 41. Rxb1 Bxf4 42. h3 Qxb6+ 43. Qxb6 Be3+ 44. Qxe3 Nxe3 45. Bb5 f6 46. Bd3 Nf5 47. g4 hxg4 48. hxg4 Nh4 49. exf6 Rxd6 50. Be4 Rd4 51. Re1 g5 52. Kf2 Kf7 53. Ke3 e5 54. Ra1 Rd6 55. Ra8 Kxf6 56. Rf8+ Kg7 57. Re8 Kf6 58. Rf8+ 1/2-1/2

[Event "Mumbai Mayors Cup 5th"]
[Site "Mumbai"]
[Date "2012.06.10"]
[Round "6"]
[White "Kunte, Abhijit"]
[Black "Singh, DP."]
[Result "1-0"]
[WhiteElo "2538"]
[BlackElo "2278"]
[PlyCount "51"]
[EventDate "2012.06.07"]
[EventType "swiss"]
[EventRounds "11"]
[EventCountry "IND"]
[SourceTitle "CBM 148 Extra"]
[Source "ChessBase"]
[SourceDate "2012.06.22"]
[SourceVersion "1"]
[SourceVersionDate "2012.06.22"]
[SourceQuality "1"]

1. d4 Nf6 2. c4 c5 3. d5 e5 4. Nc3 d6 5. g3 g6 6. Bg2 Bg7 7. Nf3 0-0 8. 0-0 Na6 9. Ne1 Ne8 10. e4 f5 11. f4 Nf6 12. fxe5 dxe5 13. Nd3 Qe7 14. Qe2 Nb4 15. Ne1 fxe4 16. Bg5 Qd6 17. Rxf6 Bxf6 18. Nxe4 Qe7 19. Nxf6+ Rxf6 20. a3 Na6 21. Nd3 Bf5 22. Bxf6 Qxf6 23. Qxe5 Qb6 24. Nf4 Rd8 25. d6 h5 26. Bd5+ 1-0

[Event "IND-ch Challengers 50th"]
[Site "Tirupati"]
[Date "2012.05.25"]
[Round "10.20"]
[White "Sahoo, Utkal Ranjan"]
[Black "Singh, DP."]
[Result "0-1"]
[WhiteElo "2218"]
[BlackElo "2278"]
[PlyCount "148"]
[EventDate "2012.05.18"]
[EventType "swiss"]
[EventRounds "13"]
[EventCountry "IND"]
[SourceTitle "CBM 148 Extra"]
[Source "ChessBase"]
[SourceDate "2012.06.22"]
[SourceVersion "1"]
[SourceVersionDate "2012.06.22"]
[SourceQuality "1"]

1. e4 b6 2. d4 Bb7 3. Bd3 g6 4. Nf3 Bg7 5. c4 d6 6. Nc3 Nd7 7. Be3 e6 8. Qd2 h6 9. 0-0 Ne7 10. b4 g5 11. Rac1 f5 12. exf5 exf5 13. d5 Ne5 14. Nxe5 dxe5 15. Qe2 0-0 16. g4 fxg4 17. Qxg4 Bc8 18. Qg2 Bf5 19. Be4 Bxe4 20. Qxe4 Nf5 21. c5 Qd7 22. Kh1 Rad8 23. d6 cxd6 24. Qd5+ Kh8 25. c6 Qc8 26. Qe4 Nh4 27. Rg1 Nf3 28. Rg3 Nd4 29. Bxd4 exd4 30. Nd5 Rde8 31. Ne7 Qc7 32. Ng6+ Kg8 33. Qd5+ Qf7 34. Qb3 Qxb3 35. Rxb3 Rf7 36. h4 b5 37. Kg2 Kh7 38. h5 Rc8 39. Ra3 Rfc7 40. Rd1 Rb8 41. Re1 Rbc8 42. Re6 Rxc6 43. Ne7 Rc3 44. Rxa7 R8c7 45. Ra6 Rc2 46. Nf5 Rf7 47. Nxg7 Rcxf2+ 48. Kg1 d3 49. Raxd6 d2 50. Nf5 R7xf5 51. Rd7+ Rf7 52. Rxf7+ Rxf7 53. Rd6 Rf4 54. Rd7+ Kg8 55. Rxd2 Rxb4 56. Rd6 Kg7 57. Rd7+ Kf6 58. Rd6+ Kf5 59. Rxh6 Kg4 60. Rb6 Kxh5 61. a4 Rg4+ 62. Kf2 bxa4 63. Kf3 Rf4+ 64. Kg3 Rc4 65. Rb5 Rc3+ 66. Kg2 a3 67. Ra5 Kh4 68. Ra8 Rc2+ 69. Kf3 g4+ 70. Kf4 Rf2+ 71. Ke4 a2 72. Rh8+ Kg3 73. Rh1 Rb2 74. Ra1 Kf2 0-1

[Event "IND-ch Challengers 50th"]
[Site "Tirupati"]
[Date "2012.05.23"]
[Round "8.9"]
[White "Karthikeyan, Pandian"]
[Black "Singh, DP."]
[Result "1/2-1/2"]
[WhiteElo "2421"]
[BlackElo "2278"]
[PlyCount "54"]
[EventDate "2012.05.18"]
[EventType "swiss"]
[EventRounds "13"]
[EventCountry "IND"]
[SourceTitle "CBM 148 Extra"]
[Source "ChessBase"]
[SourceDate "2012.06.22"]
[SourceVersion "1"]
[SourceVersionDate "2012.06.22"]
[SourceQuality "1"]

1. d4 e6 2. e4 b6 3. Bd3 Bb7 4. Nf3 d6 5. Nc3 Nd7 6. Be3 g6 7. Qd2 Bg7 8. 0-0-0 a6 9. d5 e5 10. g4 b5 11. h4 Ngf6 12. Nh2 h5 13. Bg5 Qc8 14. f3 Nc5 15. Rhg1 c6 16. dxc6 Bxc6 17. Bf1 Nb7 18. gxh5 gxh5 19. Rg3 b4 20. Nd5 Nxd5 21. exd5 Bd7 22. Bd3 a5 23. Rdg1 Nc5 24. Be3 Bf8 25. Rg8 Rxg8 26. Rxg8 Nxd3+ 27. Qxd3 Bf5 1/2-1/2

[Event "Visakhapatnam op"]
[Site "Visakhapatnam"]
[Date "2011.11.27"]
[Round "6"]
[White "Singh, DP."]
[Black "Deepan Chakkravarthy, J."]
[Result "0-1"]
[WhiteElo "2329"]
[BlackElo "2492"]
[PlyCount "60"]
[EventDate "2011.11.24"]
[EventType "swiss"]
[EventRounds "11"]
[EventCountry "IND"]
[SourceTitle "CBM 145 Extra"]
[Source "ChessBase"]
[SourceDate "2012.01.03"]
[SourceVersion "1"]
[SourceVersionDate "2012.01.03"]
[SourceQuality "1"]

1. d4 Nf6 2. Nf3 d5 3. Nbd2 g6 4. c4 Bg7 5. cxd5 Nxd5 6. g3 0-0 7. Bg2 Nb6 8. a4 a5 9. Nb3 Bd7 10. Nc5 Bc6 11. 0-0 N8d7 12. Nd3 Ra7 13. e3 Be4 14. b3 c5 15. Bb2 c4 16. Nf4 Ra8 17. Rc1 Rc8 18. Nd2 Bxg2 19. Kxg2 e5 20. dxe5 cxb3 21. Qxb3 Nc5 22. Rxc5 Rxc5 23. Nf3 Nc4 24. Bd4 Rc6 25. h4 Qc8 26. h5 Qf5 27. hxg6 hxg6 28. Nh4 Qe4+ 29. f3 Nd2 30. Qxb7 Nxf3 0-1

[Event "IND-chB 49th"]
[Site "Aurangabad"]
[Date "2011.06.25"]
[Round "12"]
[White "Gagare, Shardul"]
[Black "Singh, DP."]
[Result "1-0"]
[WhiteElo "2212"]
[BlackElo "2327"]
[PlyCount "80"]
[EventDate "2011.06.16"]
[EventType "swiss"]
[EventRounds "13"]
[EventCountry "IND"]
[SourceTitle "CBM 143 Extra"]
[Source "ChessBase"]
[SourceDate "2011.08.29"]
[SourceVersion "1"]
[SourceVersionDate "2011.08.29"]
[SourceQuality "1"]

1. c4 e6 2. g3 d5 3. Nf3 Nf6 4. d4 Be7 5. Bg2 0-0 6. 0-0 c6 7. Qc2 b6 8. b3 Bb7 9. Nc3 Nbd7 10. Rd1 Rc8 11. e4 dxe4 12. Nxe4 Nxe4 13. Qxe4 a5 14. h4 a4 15. Bf4 Nf6 16. Qe2 Bd6 17. Ne5 h6 18. bxa4 Qe7 19. Rab1 c5 20. Rxb6 Bxg2 21. Kxg2 Bc7 22. Nc6 Qe8 23. Bxc7 Rxc7 24. d5 Qa8 25. Qf3 Qxa4 26. d6 Rd7 27. Qb3 Qa8 28. f3 Kh7 29. a4 Rc8 30. Qb5 g5 31. hxg5 hxg5 32. Ra6 Qb7 33. g4 Kg7 34. Ne5 Rh8 35. Rc6 Qa8 36. Nxd7 Nxd7 37. Rxc5 Rh2+ 38. Kxh2 Qxf3 39. Rxg5+ Kf8 40. Qb2 Qf4+ 1-0

[Event "IND-chB 49th"]
[Site "Aurangabad"]
[Date "2011.06.24"]
[Round "11"]
[White "Singh, DP."]
[Black "Abhishek, Kelkar"]
[Result "1/2-1/2"]
[WhiteElo "2327"]
[BlackElo "2211"]
[PlyCount "120"]
[EventDate "2011.06.16"]
[EventType "swiss"]
[EventRounds "13"]
[EventCountry "IND"]
[SourceTitle "CBM 143 Extra"]
[Source "ChessBase"]
[SourceDate "2011.08.29"]
[SourceVersion "1"]
[SourceVersionDate "2011.08.29"]
[SourceQuality "1"]

1. d4 Nf6 2. Nf3 e6 3. e3 b6 4. Bd3 Bb7 5. 0-0 c5 6. Nbd2 d6 7. c4 Be7 8. b3 cxd4 9. exd4 0-0 10. Bb2 Nbd7 11. Rc1 Re8 12. Qc2 Nf8 13. Rfe1 Ng6 14. g3 Rc8 15. Qb1 Rc7 16. h4 d5 17. Ng5 Bb4 18. Re2 Bxd2 19. Rxd2 dxc4 20. bxc4 b5 21. cxb5 Rxc1+ 22. Qxc1 h6 23. d5 hxg5 24. dxe6 Qd5 25. exf7+ Qxf7 26. hxg5 Nd5 27. Bc4 Ne5 28. Bxe5 Rxe5 29. f4 Re4 30. Qc2 Qe6 31. Kh2 Kh8 32. Qd3 Re3 33. Qf1 Kg8 34. Qg2 Re4 35. Bb3 Kf8 36. Qf2 Re3 37. Rxd5 Bxd5 38. Bxd5 Re2 39. Bxe6 Rxf2+ 40. Kh3 Ke7 41. Bb3 Kd6 42. Kg4 Ke7 43. Kf5 Rf3 44. g4 Re3 45. g6 Re1 46. g5 Re2 47. Kg4 Kf8 48. f5 Re4+ 49. Kf3 Re5 50. Kf4 Rxb5 51. Ke4 a5 52. Be6 Rc5 53. Kd4 Rb5 54. Bd5 Ke7 55. Kc4 Rb4+ 56. Kc5 Rg4 57. Kb5 a4 58. Be6 a3 59. Ka5 Rxg5 60. Kb4 Rg3 1/2-1/2

[Event "IND-chB 49th"]
[Site "Aurangabad"]
[Date "2011.06.21"]
[Round "8"]
[White "Thejkumar, MS."]
[Black "Singh, DP."]
[Result "1/2-1/2"]
[WhiteElo "2451"]
[BlackElo "2327"]
[PlyCount "38"]
[EventDate "2011.06.16"]
[EventType "swiss"]
[EventRounds "13"]
[EventCountry "IND"]
[SourceTitle "CBM 143 Extra"]
[Source "ChessBase"]
[SourceDate "2011.08.29"]
[SourceVersion "1"]
[SourceVersionDate "2011.08.29"]
[SourceQuality "1"]

1. Nf3 e6 2. c4 d5 3. d4 c6 4. Qc2 Bd6 5. Nc3 f5 6. Bg5 Nf6 7. e3 0-0 8. Bd3 h6 9. Bf4 Ne4 10. 0-0 Na6 11. a3 Nc7 12. c5 Bxf4 13. exf4 Bd7 14. b4 Be8 15. a4 a5 16. Rfb1 axb4 17. Rxb4 Ra7 18. Ne5 Nxc3 19. Qxc3 Qa8 1/2-1/2

[Event "IND-chB 49th"]
[Site "Aurangabad"]
[Date "2011.06.20"]
[Round "7"]
[White "Singh, DP."]
[Black "Stany, George Anthony"]
[Result "1/2-1/2"]
[WhiteElo "2327"]
[BlackElo "2407"]
[PlyCount "81"]
[EventDate "2011.06.16"]
[EventType "swiss"]
[EventRounds "13"]
[EventCountry "IND"]
[SourceTitle "CBM 143 Extra"]
[Source "ChessBase"]
[SourceDate "2011.08.29"]
[SourceVersion "1"]
[SourceVersionDate "2011.08.29"]
[SourceQuality "1"]

1. d4 Nf6 2. Nf3 b6 3. e3 e6 4. Bd3 Bb7 5. 0-0 c5 6. b3 d5 7. Bb2 Nbd7 8. Nbd2 Bd6 9. Qe2 0-0 10. Ne5 Qc7 11. f4 Ne4 12. Rad1 Rad8 13. c4 f6 14. cxd5 Nxd2 15. Nxd7 Qxd7 16. dxe6 Qxe6 17. Rxd2 cxd4 18. Bxd4 Kh8 19. h3 Be4 20. Qg4 Qe7 21. Bxe4 Qxe4 22. Rfd1 Qe7 23. Qf3 Bb4 24. Rc2 Rd7 25. Rc4 Re8 26. Kh2 Bd6 27. Rdc1 Rdd8 28. Qg4 Qb7 29. Rc6 Bc5 30. Re6 Bxd4 31. exd4 Rxe6 32. Qxe6 h6 33. Rc6 Rxd4 34. Rc8+ Kh7 35. f5 Qd5 36. Rc7 Rd2 37. Qxd5 Rxd5 38. Rxa7 Rxf5 39. Rb7 b5 40. Kg1 h5 41. a4 1/2-1/2

[Event "IND-chB 49th"]
[Site "Aurangabad"]
[Date "2011.06.18"]
[Round "4"]
[White "Singh, DP."]
[Black "Swapnil, S Dhopade"]
[Result "1/2-1/2"]
[WhiteElo "2327"]
[BlackElo "2425"]
[PlyCount "57"]
[EventDate "2011.06.16"]
[EventType "swiss"]
[EventRounds "13"]
[EventCountry "IND"]
[SourceTitle "CBM 143 Extra"]
[Source "ChessBase"]
[SourceDate "2011.08.29"]
[SourceVersion "1"]
[SourceVersionDate "2011.08.29"]
[SourceQuality "1"]

1. d4 Nf6 2. Nf3 c5 3. d5 e6 4. c4 exd5 5. cxd5 d6 6. Nc3 g6 7. e4 a6 8. a4 Bg4 9. Be2 Bxf3 10. Bxf3 Bg7 11. 0-0 0-0 12. Bf4 Ne8 13. Re1 Nd7 14. Be2 f5 15. exf5 gxf5 16. Bf1 Ne5 17. Qc2 Nc7 18. Rad1 Qd7 19. Ne2 Ng6 20. g3 b5 21. axb5 axb5 22. Bc1 Be5 23. Bh3 b4 24. Kh1 Nb5 25. Qc4 Rae8 26. Ng1 Nd4 27. Be3 Qd8 28. f4 Bg7 29. b3 1/2-1/2

[Event "Bhubaneswar op 3rd"]
[Site "Bhubaneswar"]
[Date "2011.05.30"]
[Round "4"]
[White "Laxman, Rajaram"]
[Black "Singh, DP."]
[Result "0-1"]
[WhiteElo "2446"]
[BlackElo "2327"]
[PlyCount "70"]
[EventDate "2011.05.28"]
[EventType "swiss"]
[EventRounds "11"]
[EventCountry "IND"]
[SourceTitle "CBM 142 Extra"]
[Source "ChessBase"]
[SourceDate "2011.06.27"]
[SourceVersion "1"]
[SourceVersionDate "2011.06.27"]
[SourceQuality "1"]

1. d4 d5 2. Nf3 c6 3. c4 e6 4. Nc3 f5 5. Bf4 Bd6 6. Bxd6 Qxd6 7. e3 Nf6 8. Bd3 0-0 9. 0-0 Ne4 10. Ne5 Nd7 11. f4 Ndf6 12. Bxe4 dxe4 13. c5 Qe7 14. b4 Bd7 15. Qb3 Rfd8 16. a4 Be8 17. b5 h6 18. Rab1 b6 19. bxc6 bxc5 20. Qb7 Qf8 21. c7 Rdc8 22. Nc6 Bxc6 23. Qxc6 cxd4 24. Nb5 Qe8 25. Qb7 Kh7 26. Nxa7 Qd7 27. Nxc8 Rxc8 28. exd4 Rxc7 29. Qb4 Nd5 30. Qb5 Qd6 31. a5 Rc2 32. Rb2 Nc3 33. Qb6 Ne2+ 34. Kh1 Qxf4 35. Rbb1 Ng3+ 0-1

[Event "IND-ch 48th"]
[Site "New Delhi"]
[Date "2010.12.17"]
[Round "8"]
[White "Debashis, Das"]
[Black "Singh, DP."]
[Result "1-0"]
[WhiteElo "2411"]
[BlackElo "2326"]
[PlyCount "155"]
[EventDate "2010.12.09"]
[EventType "swiss"]
[EventRounds "13"]
[EventCountry "IND"]
[SourceTitle "CBM 139 Extra"]
[Source "ChessBase"]
[SourceDate "2011.01.05"]
[SourceVersion "1"]
[SourceVersionDate "2011.01.05"]
[SourceQuality "1"]

1. e4 e5 2. Nf3 Nc6 3. Bc4 Bc5 4. c3 Nf6 5. d3 d6 6. Bb3 0-0 7. Bg5 Bb6 8. Nbd2 Kh8 9. Nc4 Be6 10. 0-0 Ne7 11. a4 c6 12. Nxb6 Qxb6 13. Bxe6 fxe6 14. Be3 Qc7 15. h3 Ng6 16. g3 h6 17. Kg2 d5 18. Qc2 c5 19. c4 b6 20. a5 Rad8 21. axb6 axb6 22. Rfe1 Qf7 23. Nh2 Nh5 24. Ra6 Rb8 25. Ra3 Ne7 26. Ra7 d4 27. Bc1 Qf6 28. Qe2 Nc6 29. Rc7 Nb4 30. Ng4 Qd8 31. Ra7 Nc6 32. Ra1 Nf6 33. f4 Nxg4 34. hxg4 exf4 35. gxf4 Qc7 36. Rh1 Rxf4 37. Bxf4 Qxf4 38. Raf1 Qe3 39. Qxe3 dxe3 40. Kf3 Ne5+ 41. Kxe3 Rd8 42. Ke2 Nxg4 43. Ra1 Kh7 44. Ra6 Rb8 45. Rha1 h5 46. Ra8 Rxa8 47. Rxa8 h4 48. Rb8 g5 49. Rxb6 Ne5 50. Rxe6 h3 51. Kf2 Nxd3+ 52. Kg3 Nxb2 53. Kxh3 Nxc4 54. Kg4 Kg7 55. Kxg5 Kf7 56. Rc6 Ne5 57. Rxc5 Ke6 58. Ra5 Nd3 59. Kg4 Kf6 60. Rd5 Nb4 61. Rb5 Nd3 62. Kf3 Ne5+ 63. Kf4 Nd3+ 64. Ke3 Ne5 65. Rb6+ Ke7 66. Kd4 Nf3+ 67. Kd5 Ng5 68. e5 Nh3 69. Rb7+ Ke8 70. Kd6 Ng5 71. Rg7 Ne4+ 72. Kd5 Nc3+ 73. Ke6 Kd8 74. Rd7+ Kc8 75. Rd4 Nb5 76. Rc4+ Kd8 77. Kf7 Kd7 78. Rc5 1-0

[Event "IND-chB 48th"]
[Site "Bhiwani"]
[Date "2010.09.20"]
[Round "7"]
[White "Singh, DP."]
[Black "Ramakrishna, J."]
[Result "1/2-1/2"]
[WhiteElo "2311"]
[BlackElo "2231"]
[PlyCount "76"]
[EventDate "2010.09.16"]
[EventType "swiss"]
[EventRounds "13"]
[EventCountry "IND"]
[SourceTitle "CBM 138 Extra"]
[Source "ChessBase"]
[SourceDate "2010.10.29"]
[SourceVersion "1"]
[SourceVersionDate "2010.10.29"]
[SourceQuality "1"]

1. d4 Nf6 2. Nf3 e6 3. e3 b6 4. Bd3 Bb7 5. 0-0 c5 6. Nbd2 Be7 7. Qe2 0-0 8. b3 Nc6 9. a3 cxd4 10. exd4 Nd5 11. g3 Nf6 12. Bb2 Rc8 13. b4 a5 14. b5 Nb8 15. a4 Nd5 16. Be4 Qc7 17. c4 Nb4 18. Bxb7 Qxb7 19. Nb3 d6 20. Rfc1 Nd7 21. Ba3 Bf6 22. Bxb4 axb4 23. a5 bxa5 24. Nxa5 Qb6 25. Qd2 e5 26. Nc6 exd4 27. Nxb4 Ne5 28. Nxe5 dxe5 29. Nd5 Qd8 30. Qb4 e4 31. Ra6 Qxd5 32. cxd5 Rxc1+ 33. Kg2 d3 34. Rxf6 gxf6 35. Qb2 Rc5 36. Qd4 Rxb5 37. Qxe4 Rd8 38. Qxd3 Rbxd5 1/2-1/2

[Event "Chennai op 2nd"]
[Site "Chennai"]
[Date "2010.02.01"]
[Round "9"]
[White "Ramesh, Ramachandran B"]
[Black "Singh, DP."]
[Result "1-0"]
[WhiteElo "2482"]
[BlackElo "2303"]
[PlyCount "131"]
[EventDate "2010.01.25"]
[EventType "swiss"]
[EventRounds "11"]
[EventCountry "IND"]
[SourceTitle "CBM 134 Extra"]
[Source "ChessBase"]
[SourceDate "2010.03.03"]
[SourceVersion "1"]
[SourceVersionDate "2010.03.03"]
[SourceQuality "1"]

1. e4 b6 2. d4 Bb7 3. Bd3 e6 4. Nf3 d6 5. 0-0 Nd7 6. c4 g6 7. Nc3 Bg7 8. Be3 Ne7 9. Qd2 h6 10. b4 g5 11. d5 e5 12. c5 dxc5 13. bxc5 Nxc5 14. Bxc5 bxc5 15. Rab1 Bc8 16. Bb5+ Kf8 17. Qe3 Qd6 18. Nd2 Bf6 19. Nc4 Qd8 20. Qxc5 Kg7 21. Rfd1 Bg4 22. f3 Bh5 23. Bc6 Rb8 24. g4 Bg6 25. Rxb8 Qxb8 26. Rb1 Qd8 27. h3 h5 28. Kg2 Rh6 29. Ba4 Qh8 30. Qe3 Bh7 31. d6 cxd6 32. Nxd6 Qd8 33. Rd1 Qb8 34. Rd2 hxg4 35. fxg4 Kf8 36. Qc5 Qb6 37. Qxb6 axb6 38. Kg3 Bg7 39. Bb5 Re6 40. Nf5 Kg8 41. Rd8+ Bf8 42. Nxe7+ Rxe7 43. Bd7 Kg7 44. Kf3 f6 45. Nd5 Rf7 46. Nc7 Be7 47. Ne6+ Kh6 48. Ra8 Bd6 49. Bc6 Re7 50. Bd5 Bb4 51. Ke3 Bg6 52. Rh8+ Bh7 53. Kd3 Rd7 54. Kc4 Ba3 55. Kb5 Rd6 56. Ra8 Bb2 57. Nd8 Rd7 58. Kc6 Re7 59. Kxb6 Bd4+ 60. Kc6 Bg6 61. Kd6 Rg7 62. Ne6 Ra7 63. Nxd4 Rxa8 64. Nf5+ Bxf5 65. Bxa8 Bc8 66. a4 1-0

[Event "Chennai op 2nd"]
[Site "Chennai"]
[Date "2010.01.30"]
[Round "7"]
[White "Swapnil, S Dhopade"]
[Black "Singh, DP."]
[Result "1-0"]
[WhiteElo "2429"]
[BlackElo "2303"]
[PlyCount "71"]
[EventDate "2010.01.25"]
[EventType "swiss"]
[EventRounds "11"]
[EventCountry "IND"]
[SourceTitle "CBM 134 Extra"]
[Source "ChessBase"]
[SourceDate "2010.03.03"]
[SourceVersion "1"]
[SourceVersionDate "2010.03.03"]
[SourceQuality "1"]

1. d4 b6 2. c4 Bb7 3. Nc3 e6 4. a3 f5 5. d5 Be7 6. g3 e5 7. Nf3 d6 8. e4 fxe4 9. Nxe4 Nf6 10. Neg5 Bc8 11. Bd3 0-0 12. Qc2 h6 13. Ne6 Bxe6 14. dxe6 Qc8 15. Bf5 Qb7 16. Qe2 Nc6 17. 0-0 Na5 18. Nh4 Nb3 19. Be3 Nxa1 20. Ng6 Rfe8 21. Rxa1 c6 22. Qd2 Nh7 23. h4 Rad8 24. Qe2 Qc7 25. Bxh6 gxh6 26. Qg4 Nf6 27. Nxe7+ Kf8 28. Ng6+ Kg7 29. Qe2 e4 30. Nf4 Kh8 31. Bxe4 Rg8 32. Bg6 d5 33. e7 Rc8 34. Qe6 Rxg6 35. Nxg6+ Kg7 36. Ne5 1-0

[Event "IND-chA"]
[Site "Mumbai"]
[Date "2009.12.13"]
[Round "12"]
[White "Singh, DP."]
[Black "Ramnathan, Balasubramaniam"]
[Result "1/2-1/2"]
[WhiteElo "2308"]
[BlackElo "2277"]
[PlyCount "60"]
[EventDate "2009.12.01"]
[EventType "swiss"]
[EventRounds "13"]
[EventCountry "IND"]
[SourceTitle "CBM 133 Extra"]
[Source "ChessBase"]
[SourceDate "2010.01.05"]
[SourceVersion "1"]
[SourceVersionDate "2010.01.05"]
[SourceQuality "1"]

1. d4 d5 2. Nf3 Nf6 3. e3 Bg4 4. c4 e6 5. Qb3 Qc8 6. Ne5 Bf5 7. Nc3 c6 8. Bd2 Nbd7 9. Rc1 Bd6 10. f4 0-0 11. Be2 dxc4 12. Nxc4 Bc7 13. Bf3 Bg4 14. 0-0 Bxf3 15. Rxf3 Nb6 16. Ne5 Nfd5 17. e4 Nxc3 18. Bxc3 Nd7 19. f5 exf5 20. Nxd7 Qxd7 21. Rxf5 Qe6 22. Rcf1 Qxb3 23. axb3 f6 24. d5 cxd5 25. Rxd5 Rad8 26. Rfd1 Rxd5 27. exd5 Bd6 28. Kf2 Kf7 29. Kf3 Re8 30. g3 Kg6 1/2-1/2

[Event "IND-chA"]
[Site "Mumbai"]
[Date "2009.12.01"]
[Round "1"]
[White "Sethuraman, SP."]
[Black "Singh, DP."]
[Result "1-0"]
[WhiteElo "2447"]
[BlackElo "2308"]
[PlyCount "61"]
[EventDate "2009.12.01"]
[EventType "swiss"]
[EventRounds "13"]
[EventCountry "IND"]
[SourceTitle "CBM 133 Extra"]
[Source "ChessBase"]
[SourceDate "2010.01.05"]
[SourceVersion "1"]
[SourceVersionDate "2010.01.05"]
[SourceQuality "1"]

1. e4 b6 2. d4 Bb7 3. Nc3 e6 4. Nf3 Bb4 5. Bd3 Ne7 6. Qe2 0-0 7. e5 Nf5 8. 0-0 Nc6 9. d5 Na5 10. Bg5 Be7 11. Bd2 g6 12. a3 Bc8 13. Rad1 Nb7 14. Bxf5 exf5 15. d6 cxd6 16. Nd5 Re8 17. Rfe1 Rf8 18. Bh6 Nc5 19. Bxf8 Bxf8 20. exd6 Ne4 21. Nd2 Nf6 22. Ne7+ Kg7 23. Qe5 Bb7 24. Nc4 h5 25. Ne3 a6 26. c4 Qb8 27. Rd3 f4 28. N3d5 Bxd5 29. Nxd5 Qxd6 30. Qxd6 Bxd6 31. Nxf6 1-0

[Event "New Delhi Parsvnath op 7th"]
[Site "New Delhi"]
[Date "2009.01.19"]
[Round "10"]
[White "Singh, DP."]
[Black "Sriram, Jha"]
[Result "0-1"]
[WhiteElo "2312"]
[BlackElo "2442"]
[PlyCount "134"]
[EventDate "2009.01.11"]
[EventType "swiss"]
[EventRounds "10"]
[EventCountry "IND"]
[SourceTitle "CBM 128 Extra"]
[Source "ChessBase"]
[SourceDate "2009.03.05"]
[SourceVersion "2"]
[SourceVersionDate "2009.03.25"]
[SourceQuality "1"]

1. d4 Nf6 2. Nf3 c5 3. d5 b5 4. c4 g6 5. cxb5 a6 6. bxa6 Bg7 7. Nc3 Bxa6 8. g3 d6 9. Bg2 Nbd7 10. 0-0 Nb6 11. Re1 0-0 12. e4 Nfd7 13. Qc2 Nc4 14. Bf1 Nce5 15. Nd2 c4 16. Re3 Bh6 17. Re2 Bxd2 18. Bxd2 Nf3+ 19. Kg2 Nd4 20. Qd1 Nxe2 21. Bxe2 Ne5 22. Bh6 Re8 23. Qd4 f6 24. Be3 Qc7 25. h4 Reb8 26. Qd2 Rb4 27. a3 Rb3 28. Bd4 Rab8 29. Na2 Nd3 30. Nb4 Qa5 31. h5 g5 32. Bc3 R3xb4 33. b3 Qc5 34. axb4 Qxf2+ 35. Kh1 Bb5 36. Bxd3 Qf3+ 37. Kh2 cxd3 38. Re1 Qxh5+ 39. Kg2 Qg4 40. Qd1 Qxd1 41. Rxd1 Rc8 42. Bd2 Rc2 43. Kf3 Rb2 44. Ke3 Rxb3 45. Rc1 Kf7 46. Bc3 Ra3 47. Bd2 h5 48. Rb1 Ra2 49. Rc1 Rc2 50. Ra1 Rc8 51. Ra5 Rb8 52. Kd4 h4 53. gxh4 gxh4 54. Ra1 h3 55. Rh1 Rh8 56. Ke3 Rh5 57. Kf3 f5 58. exf5 Rxf5+ 59. Ke3 Re5+ 60. Kd4 Rh5 61. Rh2 Rh4+ 62. Kc3 Kg6 63. Be1 Rh7 64. Kd4 Kf5 65. Bg3 Kg4 66. Be1 Rh5 67. Bf2 d2 0-1